Seventh annual dinner (Record no. 114301)

MARC details
000 -LEADER
fixed length control field 00674cam a22001935a 4500
001 - CONTROL NUMBER
control field L156583
008 - FIXED-LENGTH DATA ELEMENTS--GENERAL INFORMATION
fixed length control field 120611s1934 xxk f 000 0 eng d
035 ## - SYSTEM CONTROL NUMBER
System control number (Sirsi) u156583
041 0# - LANGUAGE CODE
Language code of text/sound track or separate title eng
110 2# - MAIN ENTRY--CORPORATE NAME
Corporate name or jurisdiction name as entry element National Association of Auctioneers, House Agents, Rating Surveyors and Valuers
9 (RLIN) 4989
245 00 - TITLE STATEMENT
Title Seventh annual dinner
260 ## - PUBLICATION, DISTRIBUTION, ETC.
Place of publication, distribution, etc. [S.l.]
Name of publisher, distributor, etc. [NAA]
Date of publication, distribution, etc. 1934
300 ## - PHYSICAL DESCRIPTION
Extent [4 p.]
Dimensions 18 cm.
520 ## - SUMMARY, ETC.
Summary, etc. Provides details of the menu and entertainment for the seventh annual dinner of the NAA, held on 2 February 1934, at the Metropole Hotel, London.
651 #4 - SUBJECT ADDED ENTRY--GEOGRAPHIC NAME
Geographic name Great Britain
Chronological subdivision 1707-
690 ## - LOCAL SUBJECT ADDED ENTRY--TOPICAL TERM (OCLC, RLIN)
Topical term or geographic name as entry element Auctioneering
9 (RLIN) 6218
690 ## - LOCAL SUBJECT ADDED ENTRY--TOPICAL TERM (OCLC, RLIN)
Topical term or geographic name as entry element Valuation
9 (RLIN) 6273
942 ## - ADDED ENTRY ELEMENTS (KOHA)
Suppress in OPAC 0
Holdings
Withdrawn status Lost status Source of classification or shelving scheme Damaged status Not for loan Home library Current library Shelving location Date acquired Total Checkouts Full call number Barcode Date last seen Copy number Price effective from Koha item type
    Dewey Decimal Classification     Historic collection Historic collection RICS Boxes 11/06/2012   RICS 1934/20 30077583 06/08/2019 1 06/08/2019 Archive